Ästhetik und Geschichte : geschichtstheoret. Unters. zum Begründungszusammenhang von Kunst, Gesellschaft u. Wiss. /
Saved in:
| Main Author: | |
|---|---|
| Format: | Book |
| Language: | German |
| Published: |
Stuttgart :
Metzler,
1976.
|
| Edition: | 1. Aufl. |
| Subjects: | |
| Tags: |
Add Tag
No Tags, Be the first to tag this record!
|
| LEADER | 00774nam a2200265 i 4500 | ||
|---|---|---|---|
| 001 | 000738314-2 | ||
| 005 | 20020606090541.3 | ||
| 008 | 761207s1976 gw b 00110 ger | ||
| 010 | |a 76486943 | ||
| 015 | |a GFR76-A | ||
| 020 | |a 3476003426 | ||
| 035 | 0 | |a ocm02655270 | |
| 040 | |a DLC |c DLC | ||
| 100 | 1 | |a Rüsen, Jörn. | |
| 245 | 1 | 0 | |a Ästhetik und Geschichte : |b geschichtstheoret. Unters. zum Begründungszusammenhang von Kunst, Gesellschaft u. Wiss. / |c Jörn Rüsen. |
| 250 | |a 1. Aufl. | ||
| 260 | 0 | |a Stuttgart : |b Metzler, |c 1976. | |
| 300 | |a viii, 135 p. ; |c 21 cm. | ||
| 500 | |a Includes index. | ||
| 504 | |a Bibliography: p. [127]-133. | ||
| 650 | 0 | |a Aesthetics. | |
| 650 | 0 | |a History |x Philosophy. | |
| 650 | 0 | |a Art and society. | |
| 988 | |a 20020608 | ||
| 906 | |0 DLC | ||


